000 00273nam a22001217a 4500
082 _a291.4 VYA
100 _aVyas, R.N.
245 _aMelody of Bhakti and Enlightenment
260 _aNew Delhi
_bCosmo Publications
_c1983
300 _a215
650 _aBhakti
942 _cBK
999 _c20306
_d20306